[Event "Landesklasse Ost 2024/25"]
[Site "?"]
[Date "2025.03.02"]
[Round "6.2"]
[White "Naundorf, Johannes"]
[Black "Künzel, Andre"]
[Result "1/2-1/2"]
[WhiteElo "1932"]
[BlackElo "1940"]
[PlyCount "86"]
[EventDate "2024.09.15"]
[EventType "team-tourn"]
[EventRounds "9"]
[WhiteTeam "Meuselwitzer SV"]
[BlackTeam "Schachklub Weida"]

{[%evp 0,86,19,27,26,-16,-18,-34,-2,14,21,14,26,10,23,26,23,3,25,18,32,22,12,-6,6,10,-4,-15,12,-5,14,-27,7,5,27,-12,57,63,43,43,52,41,52,35,6,1,38,23,131,159,184,6,202,-59,-53,-64,-68,-74,-71,-77,34,41,34,38,33,33,69,33,47,39,56,56,40,21,60,29,39,43,76,69,108,49,72,72,72,72,80,79,121]} 1. Nf3 d5 2. c4 e6 3. g3 c5 4. Bg2 Nc6 5. O-O Nf6 6. d3 Be7 7. Bf4 Nh5 8. Bd2 O-O 9. e4 dxc4 10. dxc4 Nf6 11. Qe2 e5 12. Nc3 Bg4 13. Nd5 Nd7 14. Bc3 Nd4 15. Bxd4 exd4 16. h3 Be6 17. Nd2 Bf6 18. f4 Nb6 19. e5 Be7 20. Qe4 Re8 21. Nxb6 Qxb6 22. f5 Bd7 23. Qf4 Qh6 24. Qxh6 gxh6 25. b3 Rab8 26. h4 Bd8 27. Rae1 Ba5 28. Ne4 Bxe1 29. Nf6+ Kg7 30. Nxe8+ Rxe8 31. f6+ Kf8 32. Rxe1 Bc6 33. Bf1 Bf3 34. Bd3 Kg8 35. Bf5 h5 36. Kf2 Bc6 37. Re2 b6 38. Re1 Rd8 39. Ke2 Bd7 40. Bd3 Bc6 41. Kd2 Re8 42. Bf5 a6 43. Kd3 Kh8 1/2-1/2

[Event "Landesklasse Ost 2024/25"]
[Site "?"]
[Date "2025.03.02"]
[Round "6.3"]
[White "Schlierf, Andre"]
[Black "Kühne, Niklas"]
[Result "0-1"]
[WhiteElo "1742"]
[BlackElo "1858"]
[PlyCount "84"]
[EventDate "2024.09.15"]
[EventType "team-tourn"]
[EventRounds "9"]
[WhiteTeam "Schachklub Weida"]
[BlackTeam "Meuselwitzer SV"]

{[%evp 0,84,27,-17,-11,-49,-23,-26,-1,-14,10,10,2,17,31,32,45,38,34,32,59,18,70,35,36,-84,-102,-113,-99,-149,-141,-143,-149,-152,-152,-148,-118,-153,-140,-152,-143,-137,-125,-126,-128,-145,-138,-157,-156,-143,-147,-147,-132,-121,-121,-121,-106,-133,-137,-127,-136,-141,-77,-96,-103,-100,-96,-142,-183,-231,-249,-226,-146,-192,-227,-437,-675,-913,-1001,-1028,-554,-837,-437,-930,-974,-29993,-29990]} 1. c4 Nf6 2. g3 e6 3. Bg2 d5 4. d4 Be7 5. Nf3 O-O 6. O-O b6 7. cxd5 exd5 8. Nc3 Bb7 9. Bf4 c5 10. Rc1 c4 11. Qc2 Nc6 12. e4 Nb4 13. Qd2 Nd3 14. e5 Ne4 15. Qc2 Nxc3 16. bxc3 Nxc1 17. Bxc1 Qd7 18. Nd2 f6 19. f4 fxe5 20. fxe5 Rxf1+ 21. Nxf1 Rf8 22. Ne3 b5 23. a3 a5 24. Qb2 Bc6 25. Qe2 Bg5 26. h4 Bxe3+ 27. Qxe3 Qe6 28. Qe2 Bd7 29. Bf4 Qf7 30. Be3 h5 31. Bf4 Be6 32. Qb2 Rb8 33. Bd2 Qg6 34. Kh2 Qd3 35. Be1 Qd1 36. Bd2 Qe2 37. Kg1 Rf8 38. Bc1 Qe1+ 39. Kh2 b4 40. axb4 axb4 41. cxb4 Rf2 42. Qa3 Qe2 0-1

[Event "Landesklasse Ost 2024/25"]
[Site "?"]
[Date "2025.03.02"]
[Round "6.4"]
[White "Barth, Jürgen"]
[Black "Schumann, Robert"]
[Result "1-0"]
[WhiteElo "1839"]
[BlackElo "1852"]
[PlyCount "53"]
[EventDate "2024.09.15"]
[EventType "team-tourn"]
[EventRounds "9"]
[WhiteTeam "Meuselwitzer SV"]
[BlackTeam "Schachklub Weida"]

{[%evp 0,53,26,36,44,11,12,17,7,-2,18,32,242,242,275,291,276,268,346,316,321,271,265,273,275,278,283,284,309,282,285,286,278,291,345,327,342,354,354,377,432,369,435,434,496,511,547,526,585,567,800,811,805,720,990,972]} 1. e4 e5 2. Nf3 Nc6 3. Bc4 Nf6 4. d4 Nxe4 5. dxe5 Bb4+ 6. c3 Bc5 7. Qd5 Bxf2+ 8. Ke2 O-O 9. Qxe4 d5 10. Qxd5 Be6 11. Qxd8 Bxc4+ 12. Kxf2 Raxd8 13. Na3 Be6 14. Re1 Rd5 15. Bf4 Rfd8 16. Nc2 Na5 17. Ncd4 c5 18. Nxe6 fxe6 19. Ng5 Nc4 20. Re2 Rf8 21. Nxe6 Rf5 22. Kg1 h6 23. Bg3 g5 24. Nc7 Rd7 25. e6 Re7 26. Rd1 Nb6 27. Bd6 1-0

[Event "Landesklasse Ost 2024/25"]
[Site "?"]
[Date "2025.03.02"]
[Round "6.5"]
[White "Heine, Mario"]
[Black "Große, Frank"]
[Result "1/2-1/2"]
[WhiteElo "1717"]
[BlackElo "1769"]
[PlyCount "109"]
[EventDate "2024.09.15"]
[EventType "team-tourn"]
[EventRounds "9"]
[WhiteTeam "Schachklub Weida"]
[BlackTeam "Meuselwitzer SV"]

{[%evp 0,109,26,11,55,63,47,40,93,48,60,45,45,67,48,51,36,60,69,46,46,-31,18,-31,-35,-35,-35,-97,-74,-71,-66,-71,-59,-63,-76,-65,-53,-66,-35,-78,-86,-81,-84,-86,-35,-43,-38,-22,0,-118,-118,-142,-116,-116,-50,-136,-160,-162,-159,-176,-175,-156,-153,-153,-157,-161,-126,-97,-115,-127,-141,-180,-127,-122,-109,-109,78,54,276,278,275,283,293,147,205,212,207,196,197,204,212,213,266,186,200,199,203,184,195,188,195,156,145,22,25,-19,-18,-18,-18,-18,-18,-18]} 1. e4 c5 2. Nc3 e6 3. Nf3 a6 4. a4 Nc6 5. d4 cxd4 6. Nxd4 Nf6 7. Be2 Qc7 8. O-O Bb4 9. Nxc6 bxc6 10. Na2 Be7 11. Bd3 d5 12. exd5 cxd5 13. f4 Bb7 14. Be3 Qc6 15. Bd4 Bc5 16. Bxc5 Qxc5+ 17. Kh1 O-O 18. Qe2 d4 19. c3 Rfd8 20. Rac1 a5 21. b4 Qh5 22. Qxh5 Nxh5 23. b5 dxc3 24. Rxc3 Rd4 25. Kg1 Nxf4 26. Rc7 Bd5 27. Bb1 Rxa4 28. Nc3 Rb4 29. Bc2 f6 30. Rd1 Rb2 31. Rd2 g6 32. g3 Nh3+ 33. Kf1 Rd8 34. Ke1 Ng5 35. Ke2 Bf3+ 36. Ke3 Rxd2 37. Kxd2 Ne4+ 38. Kc1 Rb4 39. Bxe4 Bxe4 40. Nxe4 Rxb5 41. Ra7 h5 42. Nxf6+ Kf8 43. Kc2 Rf5 44. Ne4 h4 45. Kd3 Rf1 46. Rh7 hxg3 47. hxg3 a4 48. Ra7 a3 49. Ke2 Ra1 50. Nc5 a2 51. Nxe6+ Ke8 52. Nf4 Rh1 53. Nxg6 a1=Q 54. Rxa1 Rxa1 55. Kf3 1/2-1/2

[Event "Landesklasse Ost 2024/25"]
[Site "?"]
[Date "2025.03.02"]
[Round "6.6"]
[White "Schmidt, Jörg"]
[Black "Conrad, Karl"]
[Result "1-0"]
[WhiteElo "1702"]
[BlackElo "1774"]
[PlyCount "97"]
[EventDate "2024.09.15"]
[EventType "team-tourn"]
[EventRounds "9"]
[WhiteTeam "Meuselwitzer SV"]
[BlackTeam "Schachklub Weida"]

1. e4 e5 2. Nf3 Nc6 3. Bb5 a6 4. Ba4 Nf6 5. d3 Bc5 6. Bg5 h6 7. Bh4 g5 8. Bg3 d6 9. c3 Bd7 10. Nbd2 Ba7 11. Qc2 Nh5 12. Nf1 Ne7 13. Bxd7+ Qxd7 14. O-O-O O-O-O 15. d4 exd4 16. Nxd4 Rdf8 17. Ne3 Bxd4 18. Rxd4 f5 19. exf5 Nxf5 20. Nxf5 Qxf5 21. f3 Qxc2+ 22. Kxc2 Nxg3 23. hxg3 h5 24. Rd5 Rfg8 25. Kd3 Kd7 26. Rd4 Ke6 27. Re1+ Kd7 28. Rde4 Rg7 29. R1e2 Rhg8 30. a4 b6 31. b4 Rh8 32. c4 h4 33. Rg4 hxg3 34. Rxg3 Rhg8 35. Re4 c6 36. Reg4 Re7 37. Rxg5 Rge8 38. Rg7 Ke6 39. R3g6+ Kd7 40. f4 a5 41. bxa5 bxa5 42. Rg5 c5 43. f5 Rxg7 44. Rxg7+ Kc6 45. f6 d5 46. f7 dxc4+ 47. Kc3 Re3+ 48. Kd2 Rd3+ 49. Kc2 1-0

[Event "Landesklasse Ost 2024/25"]
[Site "?"]
[Date "2025.03.02"]
[Round "6.7"]
[White "Heine, Robert"]
[Black "Scheiding, Sophia"]
[Result "1/2-1/2"]
[WhiteElo "1547"]
[BlackElo "1640"]
[PlyCount "37"]
[EventDate "2024.09.15"]
[EventType "team-tourn"]
[EventRounds "9"]
[WhiteTeam "Schachklub Weida"]
[BlackTeam "Meuselwitzer SV"]

{[%evp 0,37,18,22,35,27,40,27,36,-16,-19,-25,-18,10,27,29,37,10,3,12,36,52,16,55,55,55,55,40,56,11,6,1,15,4,8,8,16,19,23,2]} 1. d4 Nf6 2. Nf3 c5 3. e3 e6 4. c3 d5 5. Bd3 Nbd7 6. Nbd2 a6 7. O-O Be7 8. Re1 O-O 9. e4 c4 10. Bc2 dxe4 11. Nxe4 Nxe4 12. Bxe4 Nf6 13. Bc2 b5 14. Bf4 Bb7 15. Be5 Bd6 16. Bxf6 Qxf6 17. Be4 Rab8 18. Bxb7 Rxb7 19. Ne5 1/2-1/2

[Event "Landesklasse Ost 2024/25"]
[Site "?"]
[Date "2025.03.02"]
[Round "6.8"]
[White "Schmidt, Jens"]
[Black "Lehmann, Volkhard"]
[Result "1-0"]
[WhiteElo "1721"]
[BlackElo "1563"]
[PlyCount "52"]
[EventDate "2024.09.15"]
[EventType "team-tourn"]
[EventRounds "9"]
[WhiteTeam "Meuselwitzer SV"]
[BlackTeam "Schachklub Weida"]

1. c4 e6 2. g3 Nf6 3. Bg2 Nc6 4. Nc3 Bc5 5. e3 a6 6. d4 Ba7 7. Nge2 O-O 8. O-O d5 9. b3 Re8 10. Bb2 Ne7 11. Rc1 Rb8 12. a4 c6 13. e4 dxc4 14. bxc4 b5 15. e5 Nd7 16. Ne4 bxc4 17. Ba3 c5 18. Nd6 Rf8 19. Rxc4 cxd4 20. Nxc8 Nxc8 21. Bxf8 Kxf8 22. Nxd4 Ncb6 23. Nc6 Qc7 24. Nxb8 Qxc4 25. Nxd7+ Nxd7 26. Qxd7 Bb6 1-0

[Event "Landesklasse Ost 2024/25"]
[Site "?"]
[Date "2025.03.02"]
[Round "6.1"]
[White "Kaipalath, Varun Raj"]
[Black "Greiner, Timo"]
[Result "0-1"]
[WhiteElo "1862"]
[BlackElo "2024"]
[PlyCount "70"]
[EventDate "2024.09.15"]
[EventType "team-tourn"]
[EventRounds "9"]
[WhiteTeam "SV Schott Jena 2"]
[BlackTeam "SV Thuringia Königsee"]

1. e4 c5 2. Nf3 Nc6 3. d4 cxd4 4. Nxd4 Nf6 5. Nc3 e5 6. Ndb5 d6 7. Nd5 Nxd5 8. exd5 Nb8 9. a4 Be7 10. Be2 O-O 11. Bd2 a6 12. Na3 f5 13. a5 Nd7 14. Nc4 Nf6 15. Bb4 e4 16. Qd2 Qc7 17. Ra3 f4 18. Nb6 Rb8 19. Rc3 Qd8 20. O-O f3 21. Nxc8 Rxc8 22. gxf3 Rxc3 23. Bxc3 Qd7 24. Re1 Qf5 25. f4 Ng4 26. h3 Nxf2 27. Bf1 Bh4 28. Re2 Qg6+ 29. Bg2 Rxf4 30. Qe3 Rf3 31. Qa7 Nxh3+ 32. Kh1 Nf2+ 33. Kg1 e3 34. Qb8+ Rf8 35. Qxb7 Nh3+ 0-1

[Event "Landesklasse Ost 2024/25"]
[Site "?"]
[Date "2025.03.02"]
[Round "6.3"]
[White "Eichhorn, Mathilda"]
[Black "Möller, Frank"]
[Result "0-1"]
[WhiteElo "1757"]
[BlackElo "1856"]
[PlyCount "98"]
[EventDate "2024.09.15"]
[EventType "team-tourn"]
[EventRounds "9"]
[WhiteTeam "SV Schott Jena 2"]
[BlackTeam "SV Thuringia Königsee"]

1. e4 d5 2. exd5 Qxd5 3. Nc3 Qa5 4. d4 c6 5. Bd2 Qc7 6. Nf3 Nf6 7. h3 Bf5 8. a3 e6 9. Bc4 Nbd7 10. Nh4 Bg6 11. Nxg6 hxg6 12. Qe2 Be7 13. O-O-O O-O-O 14. g3 Bd6 15. Be3 Nb6 16. Bb3 Nbd5 17. Rd3 Nxe3 18. Rxe3 Rh5 19. h4 Rdh8 20. Ne4 Nxe4 21. Rxe4 g5 22. Qf3 Qe7 23. Rg1 Qf6 24. Qxf6 gxf6 25. hxg5 fxg5 26. c3 Rh1 27. Rd1 Rxd1+ 28. Kxd1 Rh2 29. Re2 Kd7 30. Kd2 b6 31. Bc4 a5 32. a4 Rh1 33. Kc2 Ra1 34. b3 Ke7 35. Kd3 Rg1 36. Ke3 Rh1 37. Kd3 Rh6 38. d5 cxd5 39. Bxd5 f5 40. Bc4 e5 41. g4 Rh3+ 42. Re3 fxg4 43. Bd5 Rh2 44. Re2 Kf6 45. Kd2 Bc5 46. Ke1 Rh3 47. Rc2 Kf5 48. c4 Rxb3 49. Bc6 Kf4 0-1

[Event "Landesklasse Ost 2024/25"]
[Site "?"]
[Date "2025.03.02"]
[Round "6.4"]
[White "Häusler, Willi"]
[Black "Link, Moritz"]
[Result "1/2-1/2"]
[WhiteElo "1710"]
[BlackElo "1717"]
[PlyCount "64"]
[EventDate "2024.09.15"]
[EventType "team-tourn"]
[EventRounds "9"]
[WhiteTeam "SV Thuringia Königsee"]
[BlackTeam "SV Schott Jena 2"]

{[%evp 0,64,19,31,31,38,8,42,20,35,38,5,6,-17,-12,-52,-37,-36,-15,-19,20,28,39,40,40,23,39,0,0,-27,60,9,9,34,139,139,220,175,204,22,15,5,64,101,105,102,650,830,29995,29994,29995,315,315,74,70,43,34,34,178,0,0,0,0,0,0,0,0]} 1. e4 e5 2. Nf3 Nf6 3. Nxe5 d6 4. Nf3 Nxe4 5. d3 Nf6 6. Bg5 h6 7. Bh4 Nc6 8. Nc3 Be6 9. d4 d5 10. Bb5 a6 11. Bxc6+ bxc6 12. Ne5 c5 13. O-O Bd6 14. f4 O-O 15. f5 cxd4 16. Nc6 Bxh2+ 17. Kh1 Qd6 18. Bxf6 dxc3 19. Qg4 Qg3 20. Qh5 gxf6 21. fxe6 cxb2 22. Rab1 Qd6 23. Rxf6 fxe6 24. Qg6+ Kh8 25. Rxe6 Qf4 26. Qxh6+ Qxh6 27. Rxh6+ Kg7 28. Rxh2 Rf2 29. g3 Rf6 30. Ne5 Raf8 31. Rxb2 Rf1+ 32. Kg2 R1f2+ 1/2-1/2

[Event "Landesklasse Ost 2024/25"]
[Site "?"]
[Date "2025.03.02"]
[Round "6.5"]
[White "Bunke, Wilfried"]
[Black "Steiger, Bernd"]
[Result "1/2-1/2"]
[WhiteElo "1865"]
[BlackElo "1783"]
[PlyCount "27"]
[EventDate "2024.09.15"]
[EventType "team-tourn"]
[EventRounds "9"]
[WhiteTeam "SV Schott Jena 2"]
[BlackTeam "SV Thuringia Königsee"]

1. d4 Nf6 2. c4 e6 3. Nf3 b6 4. Nc3 Bb4 5. Qc2 Bb7 6. e3 O-O 7. Bd3 d5 8. cxd5 exd5 9. O-O Nbd7 10. a3 Bxc3 11. bxc3 c5 12. a4 Qc7 13. Ba3 Rfe8 14. Qb2 1/2-1/2

[Event "Landesklasse Ost 2024/25"]
[Site "?"]
[Date "2025.03.02"]
[Round "6.7"]
[White "Hirsch, Tilo"]
[Black "Margraf, Moritz"]
[Result "1-0"]
[WhiteElo "1711"]
[BlackElo "1556"]
[PlyCount "49"]
[EventDate "2024.09.15"]
[EventType "team-tourn"]
[EventRounds "9"]
[WhiteTeam "SV Schott Jena 2"]
[BlackTeam "SV Thuringia Königsee"]

{[%evp 0,49,34,25,43,32,38,22,33,21,28,28,36,49,50,58,44,51,51,45,79,76,71,54,54,44,80,87,90,86,93,101,103,107,118,144,158,131,138,128,142,116,162,178,183,292,641,554,732,952,1556,1816]} 1. e4 e6 2. d4 d5 3. exd5 exd5 4. Bd3 Nf6 5. Nf3 Be7 6. O-O Bg4 7. h3 Bh5 8. Bf4 O-O 9. Nbd2 Nbd7 10. c3 Nb6 11. Qc2 Bd6 12. Bg5 h6 13. Bh4 Bxf3 14. Nxf3 Be7 15. Rfe1 Re8 16. Ne5 Rf8 17. Re2 Nbd7 18. Rae1 Nxe5 19. Rxe5 Bd6 20. Rf5 Be7 21. Qd2 c6 22. Rxe7 Nh7 23. Rfe5 g5 24. Bxg5 f6 25. Bxh7+ 1-0

[Event "Landesklasse Ost 2024/25"]
[Site "?"]
[Date "2025.03.02"]
[Round "6.8"]
[White "Jahn, Rene"]
[Black "Crecelius, Carlo"]
[Result "0-1"]
[WhiteElo "1179"]
[BlackElo "1650"]
[PlyCount "94"]
[EventDate "2024.09.15"]
[EventType "team-tourn"]
[EventRounds "9"]
[WhiteTeam "SV Thuringia Königsee"]
[BlackTeam "SV Schott Jena 2"]

{[%evp 0,94,25,28,28,32,13,30,13,28,18,7,34,10,30,-54,1,21,62,10,19,-3,7,5,226,40,-6,-11,34,30,122,11,116,17,81,-19,-18,-18,-20,-34,-33,-33,-33,-35,-21,-109,-109,-117,-114,-80,-49,-69,-32,-19,-29,-30,18,-29,-28,-35,-26,-30,36,32,99,66,84,84,179,71,82,12,12,0,52,8,44,48,99,99,107,57,55,35,45,-542,-590,-605,-672,-687,-687,-699,-685,-758,-604,-726,-734]} 1. d4 d5 2. Bf4 Nf6 3. Nf3 Bf5 4. e3 e6 5. Bd3 Ne4 6. Nbd2 Be7 7. c3 Nd7 8. Qc2 Ndf6 9. Be5 Nxd2 10. Qxd2 Ne4 11. Qc2 c5 12. Nd2 Nxd2 13. Bxf5 exf5 14. Qxd2 c4 15. Qc2 Qd7 16. f3 Bg5 17. Qe2 O-O 18. O-O Rfe8 19. Qf2 Re6 20. Rae1 Rae8 21. Bf4 Bd8 22. Re2 g5 23. Qg3 Rg6 24. Be5 h5 25. Qe1 h4 26. h3 f6 27. Bh2 Bc7 28. Kh1 Bxh2 29. Kxh2 Qd6+ 30. Kh1 Kf7 31. e4 fxe4 32. fxe4 dxe4 33. Rxe4 Qc6 34. Rxe8 Qxe8 35. Qxe8+ Kxe8 36. Rf5 Kd7 37. Rc5 Kd6 38. Rxc4 b6 39. Rc8 f5 40. Re8 g4 41. Rh8 g3 42. Rxh4 Re6 43. Rh6 Rxh6 44. Kg1 Kd5 45. Kf1 Re6 46. h4 f4 47. h5 Ke4 0-1

[Event "Landesklasse Ost 2024/25"]
[Site "?"]
[Date "2025.03.02"]
[Round "6.1"]
[White "Kania, Markus"]
[Black "Tobal, Elias"]
[Result "0-1"]
[WhiteElo "2064"]
[BlackElo "1955"]
[PlyCount "56"]
[EventDate "2024.09.15"]
[EventType "team-tourn"]
[EventRounds "9"]
[WhiteTeam "MTV 1876 Saalfeld"]
[BlackTeam "SC Turm Erfurt"]

{[%evp 0,56,29,-19,27,-2,13,-25,7,-25,16,-21,20,20,24,19,50,37,39,26,37,32,75,40,64,46,40,37,37,57,50,50,54,2,67,43,37,56,57,57,47,47,85,20,-21,-7,-10,-10,-12,24,25,18,32,22,22,-362,-238,-475,-488]} 1. c4 c6 2. g3 d5 3. Nf3 Nf6 4. Bg2 e6 5. b3 Be7 6. O-O O-O 7. d4 Ne4 8. Bb2 Nd7 9. Qc2 f5 10. e3 Qe8 11. Nfd2 h5 12. f3 Nef6 13. e4 fxe4 14. fxe4 Ng4 15. Rxf8+ Qxf8 16. Nf1 dxe4 17. Nc3 e5 18. Nxe4 exd4 19. Bxd4 Ndf6 20. Nfd2 c5 21. Bxf6 Bxf6 22. Rf1 Bd4+ 23. Kh1 Qe7 24. Ng5 Qxg5 25. Bd5+ Be6 26. Bxe6+ Kh8 27. Rf5 Qh6 28. Bf7 Ne3 0-1

[Event "Landesklasse Ost 2024/25"]
[Site "?"]
[Date "2025.03.02"]
[Round "6.2"]
[White "McLeod, Andrew"]
[Black "Seidel, Thomas"]
[Result "0-1"]
[WhiteElo "1838"]
[BlackElo "1879"]
[PlyCount "130"]
[EventDate "2024.09.15"]
[EventType "team-tourn"]
[EventRounds "9"]
[WhiteTeam "SC Turm Erfurt"]
[BlackTeam "MTV 1876 Saalfeld"]

{[%evp 0,130,20,31,70,64,76,27,27,47,56,8,20,20,18,21,23,9,21,23,46,44,64,52,46,2,8,0,5,10,12,17,17,-5,0,-19,18,-28,-9,-22,30,30,0,-11,-11,-25,4,5,34,-36,-22,-44,-42,-276,-281,-276,-276,-291,-291,-300,-300,-323,-248,-381,-335,-331,-213,-220,-199,-227,-234,-219,-235,-246,-244,-246,-240,-259,-185,-202,-191,-216,-193,-206,-204,-197,-208,-203,-220,-265,-263,-304,-259,-233,-256,-292,-256,-321,-263,-261,-314,-349,-398,-410,-440,-493,-512,-570,-650,-650,-778,-1194,-657,-1477,-885,-1070,-1212,-1104,-1232,-1366,-1335,-29987,-584,-623,-686,-29987,-1314,-1544,-2171,-2648,-29968,-29969,-29970]} 1. e4 c6 2. d4 d5 3. f3 e6 4. Nc3 Nf6 5. e5 Nfd7 6. f4 c5 7. Nf3 cxd4 8. Nxd4 Nc6 9. Be3 a6 10. Be2 Nxd4 11. Bxd4 Bc5 12. O-O Qb6 13. Bxc5 Qxc5+ 14. Kh1 b5 15. Bd3 g6 16. Qe2 Bb7 17. Nd1 Rc8 18. Nf2 Qb4 19. Nd1 d4 20. a3 Qc5 21. Be4 Bxe4 22. Qxe4 Qxc2 23. Qxd4 Qc5 24. Qxc5 Nxc5 25. Nc3 Ke7 26. b4 Nb3 27. Ne4 Nxa1 28. Rxa1 Rc4 29. Nd6 Rxf4 30. g3 Rd4 31. Rf1 f5 32. Kg2 Rxd6 33. exd6+ Kxd6 34. Rd1+ Ke7 35. Rc1 Rd8 36. Rc6 Rd6 37. Rc7+ Rd7 38. Rc6 Ra7 39. Rc8 Kf6 40. Rc5 g5 41. Kf3 Rd7 42. Ke2 Rd6 43. Rc7 h6 44. Rc5 e5 45. h3 h5 46. Rc8 f4 47. Rf8+ Ke6 48. Re8+ Kd5 49. Rg8 Ke4 50. Rxg5 f3+ 51. Ke1 Rd3 52. Rxh5 Rxa3 53. h4 Ra1+ 54. Kf2 Ra2+ 55. Kf1 Kd4 56. Rh8 e4 57. Rd8+ Ke3 58. Rd1 Rf2+ 59. Kg1 Rg2+ 60. Kh1 Rxg3 61. Kh2 Rg2+ 62. Kh1 Rg4 63. Ra1 Rxh4+ 64. Kg1 f2+ 65. Kg2 Rg4+ 0-1

[Event "Landesklasse Ost 2024/25"]
[Site "?"]
[Date "2025.03.02"]
[Round "6.3"]
[White "Bellmann, Daniel"]
[Black "Schade, Holger"]
[Result "1-0"]
[WhiteElo "1814"]
[BlackElo "1770"]
[PlyCount "109"]
[EventDate "2024.09.15"]
[EventType "team-tourn"]
[EventRounds "9"]
[WhiteTeam "MTV 1876 Saalfeld"]
[BlackTeam "SC Turm Erfurt"]

{[%evp 0,109,29,20,42,42,36,32,44,42,78,68,58,59,87,68,109,88,70,73,73,49,58,59,122,103,100,63,113,69,74,100,94,30,112,95,99,106,128,121,124,126,144,83,84,65,110,97,124,113,184,180,199,182,200,205,209,192,267,267,273,279,284,204,222,228,313,292,473,535,772,281,281,255,293,298,277,288,285,284,283,283,333,328,543,529,556,466,481,489,510,465,494,445,496,496,578,604,903,926,945,895,1207,1628,1734,640,1192,541,554,581,598,361]} 1. e4 d5 2. exd5 Nf6 3. d4 Nxd5 4. c4 Nb6 5. c5 Nd5 6. Nf3 g6 7. Bc4 c6 8. O-O Bg7 9. Nc3 O-O 10. Qb3 Nxc3 11. bxc3 e6 12. Bf4 Nd7 13. Rfe1 Nf6 14. Nd2 Nd5 15. Bd6 Re8 16. Bf1 Qg5 17. Ne4 Qf5 18. Bg3 Re7 19. a4 a5 20. Nd6 Qg5 21. Re4 Qd2 22. Ra3 f5 23. Re2 Qg5 24. Be5 f4 25. Bxg7 Kxg7 26. Re5 Qg4 27. Be2 Qh4 28. Qd1 Rb8 29. c4 Nb4 30. Rh3 Qf6 31. Ne4 Qf8 32. Bf1 Bd7 33. Qg4 Kg8 34. Qh4 Qf7 35. Nd6 Qg7 36. Rf3 Nc2 37. Qxf4 Rf8 38. Qd2 Rxf3 39. gxf3 Nb4 40. Nxb7 Qf6 41. Nxa5 Rf7 42. Qxb4 Qxf3 43. Qe1 Qg4+ 44. Bg2 Qxd4 45. Nb7 Rf4 46. Re4 Rxe4 47. Qxe4 Qd1+ 48. Bf1 Qxa4 49. Qd4 Be8 50. Nd6 Bf7 51. Qf6 Qa7 52. Bg2 e5 53. Qxf7+ Qxf7 54. Nxf7 Kxf7 55. Bd5+ 1-0

[Event "Landesklasse Ost 2024/25"]
[Site "?"]
[Date "2025.03.02"]
[Round "6.4"]
[White "Strohner, Maximilian"]
[Black "Böhl, Dietmar"]
[Result "0-1"]
[WhiteElo "1771"]
[BlackElo "1805"]
[PlyCount "72"]
[EventDate "2024.09.15"]
[EventType "team-tourn"]
[EventRounds "9"]
[WhiteTeam "SC Turm Erfurt"]
[BlackTeam "MTV 1876 Saalfeld"]

{[%evp 0,72,20,20,44,46,53,33,41,2,46,-7,22,-12,-10,-28,60,45,72,91,84,67,53,22,29,34,51,10,16,11,11,-42,-52,-44,113,-289,-315,-315,-136,-150,-141,-183,-191,-206,-137,-157,-140,-145,-145,-435,-141,-440,-241,-512,-143,-156,-163,-163,-163,-185,-185,-215,-241,-250,-269,-266,-304,-343,-400,-414,-457,-501,-555,-561,-580]} 1. e4 c5 2. b3 Nc6 3. Bb2 e5 4. Bc4 d6 5. f4 a6 6. a4 Nf6 7. Nf3 Be6 8. Bxe6 fxe6 9. fxe5 Nxe4 10. d3 Ng5 11. exd6 Bxd6 12. Bxg7 Rg8 13. Bb2 Nxf3+ 14. Qxf3 Qg5 15. g3 Be5 16. Nc3 Nd4 17. Qf2 Rf8 18. Ne4 Rxf2 19. Nxg5 Rf5 20. Bxd4 Bxd4 21. Nxe6 Re5+ 22. Kd2 Rxe6 23. Raf1 Ke7 24. Rf4 Rf8 25. Rhf1 Rxf4 26. Rxf4 Rf6 27. Rxf6 Kxf6 28. Ke2 Ke5 29. Kf3 Bb2 30. Ke2 Kd4 31. Kd2 Bc3+ 32. Ke2 Ba5 33. g4 Kc3 34. Kd1 Bd8 35. Kc1 Bg5+ 36. Kb1 a5 0-1

[Event "Landesklasse Ost 2024/25"]
[Site "?"]
[Date "2025.03.02"]
[Round "6.5"]
[White "Wagner, Ronald"]
[Black "Stöcklein, Paul"]
[Result "1/2-1/2"]
[WhiteElo "1775"]
[BlackElo "1634"]
[PlyCount "54"]
[EventDate "2024.09.15"]
[EventType "team-tourn"]
[EventRounds "9"]
[WhiteTeam "MTV 1876 Saalfeld"]
[BlackTeam "SC Turm Erfurt"]

{[%evp 0,54,12,18,18,13,22,27,18,12,8,8,12,7,-1,-19,-15,-15,-15,-4,10,-14,5,-18,0,-18,1,2,53,5,39,12,0,-59,7,-7,12,-42,0,-16,-3,-13,31,0,52,43,121,77,170,153,146,143,134,85,155,45,47]} 1. e4 e5 2. Nf3 Nc6 3. Bc4 Bc5 4. O-O Nf6 5. d3 O-O 6. c3 Bb6 7. Bg5 h6 8. Bh4 d6 9. Nbd2 Re8 10. Re1 a5 11. Nf1 Be6 12. Bb3 Bd7 13. Ne3 Nb8 14. Bc4 Be6 15. Nd5 Bxd5 16. Bxd5 c6 17. Bb3 Nbd7 18. Qd2 Nc5 19. Bc2 Ne6 20. d4 g5 21. Bg3 Nf4 22. Rad1 Qc7 23. h4 Nh7 24. hxg5 hxg5 25. dxe5 dxe5 26. Bxf4 gxf4 27. Nh4 Qd8 1/2-1/2

[Event "Landesklasse Ost 2024/25"]
[Site "?"]
[Date "2025.03.02"]
[Round "6.6"]
[White "Boroshnev, Dmytro"]
[Black "Müller, Jürgen"]
[Result "0-1"]
[WhiteElo "1730"]
[BlackElo "1766"]
[PlyCount "69"]
[EventDate "2024.09.15"]
[EventType "team-tourn"]
[EventRounds "9"]
[WhiteTeam "SC Turm Erfurt"]
[BlackTeam "MTV 1876 Saalfeld"]

{[%evp 0,69,22,22,70,76,74,57,56,60,61,52,41,57,41,13,35,36,65,21,25,14,34,44,51,69,69,36,32,39,65,34,23,22,23,24,21,-6,-6,-39,-41,-42,-46,-75,-88,-90,-90,-92,-88,-128,-98,-100,-94,-109,-88,-126,-104,-96,-129,-135,-135,-135,-130,-180,-195,-221,-198,-314,-322,-320,-235,-358]} 1. e4 {[%emt 0:00:00]} c6 2. d4 d5 3. e5 Bf5 4. Bd3 Bxd3 5. Qxd3 e6 6. Nf3 Nd7 7. Be3 Qb6 8. Nbd2 c5 9. c3 cxd4 10. cxd4 Bb4 11. O-O Bxd2 12. Bxd2 Ne7 13. a3 Nc6 14. b4 h6 15. Rab1 O-O 16. a4 Rfc8 17. Rfc1 Qd8 18. Rc2 Nb6 19. Qb3 Nc4 20. Be3 Rc7 21. Nd2 Nxd2 22. Rxd2 Rac8 23. a5 a6 24. f4 Ne7 25. Bf2 Qd7 26. Qd3 Rc3 27. Qe2 Qa4 28. g4 Rc1+ 29. Rxc1 Rxc1+ 30. Kg2 Rc4 31. Be1 Nc6 32. Qf2 Qa1 33. g5 hxg5 34. fxg5 Qc1 35. Qe3 0-1